Wird geladen...

John Milton : a sketch of his life and writings

Bibliographische Detailangaben
1. Verfasser: Bush, Douglas
Format: Printed Book
Sprache:English
Veröffentlicht: London : weidenfeld and nicolson , c1965.
LEADER 00454nam a22001217a 4500
008 170403b xxu||||| |||| 00| 0 eng d
100 |a Bush, Douglas 
245 |a John Milton :  |b a sketch of his life and writings 
260 |a London :  |b weidenfeld and nicolson ,  |c c1965. 
300 |b 224p. 
942 |c BK 
999 |c 197488  |d 197488 
952 |0 0  |1 0  |4 0  |6 821_400000000000000_BUS_J  |7 0  |9 218355  |a ENG  |b ENG  |c ST1  |d 2017-04-03  |i 7052  |l 0  |o 821.4 BUS/J  |p ENG7052  |r 2017-04-03  |w 2018-08-21  |y BK